[Event "XIX Najdorf Memorial 2019"]
[Site "Warsaw"]
[Date "2019.07.12"]
[Round "7.29"]
[White "Martynyuk, Elizaveta"]
[Black "Deszczynski, Adam"]
[Result "0-1"]
[WhiteElo "2125"]
[BlackElo "2304"]
[Annotator "NA"]
[PlyCount "96"]
[EventDate "2019.07.06"]
[EventType "swiss"]
[EventCountry "POL"]
[SourceTitle "playchess.com"]
[Source "ChessBase"]
[SourceQuality "1"]
[TimeControl "40/5400+30:1800+30"]

1. e4 {[%emt 0:02:50]} c5 {[%emt 0:00:43]} 2. Nf3 {[%emt 0:00:04]} e6 {[%emt 0:03:17]} 3. d4 {[%emt 0:01:19]} cxd4 {[%emt 0:00:27]} 4. Nxd4 {[%emt 0:00:04]} a6 {[%emt 0:02:00]} 5. Bd3 {[%emt 0:00:26]} Nf6 {[%emt 0:01:17]} 6. O-O {[%emt 0:00:23]} Qc7 {[%emt 0:00:49]} 7. c4 Nc6 {[%emt 0:12:48]} 8. Nxc6 {[%emt 0:11:16]} dxc6 {[%emt 0:05:09]} 9. Be3 {[%emt 0:05:42]} e5 {[%emt 0:03:41]} 10. h3 {[%emt 0:00:11]} Be6 {[%emt 0:04:15]} 11. Nc3 {[%emt 0:00:33]} Nd7 {[%emt 0:01:54]} 12. Nd5 {[%emt 0:05:35]} Qd8 {[%emt 0:11:49]} 13. f4 {[%emt 0:04:24]} Bc5 {[%emt 0:01:58]} 14. Qe2 {[%emt 0:06:54]} O-O {[%emt 0:17:16]} 15. Rad1 {[%emt 0:12:33]} cxd5 {[%emt 0:17:28]} 16. exd5 {[%emt 0:04:09]} Qb6 {[%emt 0:00:14]} 17. Bf2 {[%emt 0:00:17]} Bxh3 {[%emt 0:04:09]} 18. Qh5 {[%emt 0:15:18]} Nf6 {[%emt 0:00:29]} 19. Qxh3 {[%emt 0:00:06]} e4 {[%emt 0:00:23]} 20. Be2 {[%emt 0:00:41]} a5 {[%emt 0:02:31]} 21. Bxc5 {[%emt 0:00:28]} Qxc5+ {[%emt 0:00:02]} 22. Kh2 {[%emt 0:00:53]} Rfd8 {[%emt 0:00:21]} 23. g4 {[%emt 0:03:46]} Nd7 {[%emt 0:02:38]} 24. d6 {[%emt 0:02:25]} Nb6 {[%emt 0:00:45]} 25. Qh5 {[%emt 0:00:51]} Qxh5+ {[%emt 0:02:42]} 26. gxh5 {[%emt 0:00:02]} Rac8 {[%emt 0:00:10]} 27. Rd4 {[%emt 0:00:51]} f5 {[%emt 0:00:13]} 28. Rfd1 {[%emt 0:01:08]} g6 {[%emt 0:00:38]} 29. b3 {[%emt 0:02:54]} Kf7 {[%emt 0:00:51]} 30. a3 {[%emt 0:00:30]} Nd7 {[%emt 0:00:18]} 31. Kg3 {[%emt 0:03:08]} Kf6 {[%emt 0:00:18]} 32. Rh1 {[%emt 0:00:56]} g5 {[%emt 0:00:43]} 33. b4 {[%emt 0:00:48]} axb4 {[%emt 0:00:11]} 34. axb4 {[%emt 0:00:17]} Ra8 {[%emt 0:00:13]} 35. fxg5+ {[%emt 0:02:10]} Kxg5 {[%emt 0:00:02]} 36. c5 {[%emt 0:00:55]} Ne5 {[%emt 0:01:31]} 37. h6 {[%emt 0:03:29]} Ra2 {[%emt 0:01:28]} 38. Rd5 {[%emt 0:01:42]} f4+ {[%emt 0:01:33]} 39. Kf2 {[%emt 0:00:47]} f3 {[%emt 0:00:15]} 40. Rxe5+ {[%emt 0:00:00]} Kf4 {[%emt 0:00:00]} 41. Rxe4+ {[%emt 0:04:44]} Kxe4 {[%emt 0:00:26]} 42. Rh4+ {[%emt 0:00:03]} Kd5 {[%emt 0:18:48]} 43. Kxf3 {[%emt 0:12:17]} Rf8+ {[%emt 0:00:28]} 44. Ke3 {[%emt 0:00:04]} Re8+ {[%emt 0:00:35]} 45. Kf3 {[%emt 0:00:05]} Rexe2 {[%emt 0:02:40]} 46. d7 {[%emt 0:00:08]} Rf2+ {[%emt 0:01:32]} 47. Ke3 {[%emt 0:00:17]} Rae2+ {[%emt 0:01:27]} 48. Kd3 {[%emt 0:00:11]} Rd2+ {[%emt 0:00:08]} 0-1

[Event "XIX Najdorf Memorial 2019"]
[Site "Warsaw"]
[Date "2019.07.12"]
[Round "7.30"]
[White "Sowul, Bartosz"]
[Black "Lukasiewicz, Anna"]
[Result "1-0"]
[WhiteElo "2210"]
[BlackElo "2062"]
[Annotator "NA"]
[PlyCount "119"]
[EventDate "2019.07.06"]
[EventType "swiss"]
[EventCountry "POL"]
[SourceTitle "playchess.com"]
[Source "ChessBase"]
[SourceQuality "1"]
[TimeControl "40/5400+30:1800+30"]

1. Nf3 {[%emt 0:00:00]} Nf6 {[%emt 0:00:00]} 2. c4 {[%emt 0:00:00]} g6 {[%emt 0:00:35]} 3. b3 {[%emt 0:00:00]} Bg7 {[%emt 0:00:38]} 4. Bb2 {[%emt 0:00:02]} O-O {[%emt 0:00:31]} 5. g3 {[%emt 0:00:10]} d6 {[%emt 0:01:37]} 6. d4 {[%emt 0:00:10]} c5 {[%emt 0:01:30]} 7. Bg2 {[%emt 0:02:43]} Nbd7 {[%emt 0:06:42]} 8. Nc3 {[%emt 0:01:26]} a6 {[%emt 0:02:15]} 9. O-O {[%emt 0:00:24]} Rb8 10. dxc5 {[%emt 0:07:08]} Nxc5 {[%emt 0:03:16]} 11. Nd4 {[%emt 0:00:30]} Ne6 {[%emt 0:06:46]} 12. e3 {[%emt 0:07:41]} Nxd4 {[%emt 0:06:28]} 13. exd4 {[%emt 0:00:08]} Bg4 {[%emt 0:01:10]} 14. Qc1 {[%emt 0:02:59]} Qd7 {[%emt 0:01:56]} 15. Re1 {[%emt 0:01:06]} Rfe8 {[%emt 0:01:34]} 16. a4 {[%emt 0:09:39]} Bh3 {[%emt 0:04:00]} 17. Bh1 {[%emt 0:06:03]} Qf5 {[%emt 0:02:18]} 18. Qb1 {[%emt 0:07:42]} Qh5 {[%emt 0:03:15]} 19. Qd1 {[%emt 0:02:44]} Bg4 {[%emt 0:01:14]} 20. Qd3 {[%emt 0:06:39]} Bf5 {[%emt 0:01:44]} 21. Qf1 {[%emt 0:00:11]} Bh3 {[%emt 0:09:42]} 22. Bg2 {[%emt 0:08:37]} Bxg2 {[%emt 0:00:39]} 23. Qxg2 {[%emt 0:00:15]} Qa5 {[%emt 0:04:24]} 24. Qf3 {[%emt 0:03:26]} Qb6 {[%emt 0:08:03]} 25. Qd1 {[%emt 0:02:44]} e6 {[%emt 0:05:37]} 26. Re3 {[%emt 0:04:16]} h5 {[%emt 0:07:31]} 27. Rd3 {[%emt 0:02:00]} Ng4 {[%emt 0:02:25]} 28. Ne4 {[%emt 0:04:27]} d5 {[%emt 0:02:35]} 29. c5 {[%emt 0:03:59]} Qd8 {[%emt 0:00:14]} 30. Nd6 {[%emt 0:00:35]} Rf8 {[%emt 0:00:12]} 31. Qe2 {[%emt 0:03:07]} Qf6 {[%emt 0:04:50]} 32. Rf3 {[%emt 0:01:15]} Qe7 {[%emt 0:01:23]} 33. Rd3 {[%emt 0:06:08]} Qf6 {[%emt 0:01:46]} 34. Re1 {[%emt 0:00:36]} Nh6 {[%emt 0:00:59]} 35. Rf3 {[%emt 0:06:29]} Qe7 {[%emt 0:00:47]} 36. b4 {[%emt 0:01:12]} Qd7 {[%emt 0:01:29]} 37. b5 {[%emt 0:01:10]} axb5 {[%emt 0:00:43]} 38. axb5 {[%emt 0:00:27]} Ra8 {[%emt 0:00:12]} 39. Bc3 {[%emt 0:00:48]} Ra4 {[%emt 0:02:18]} 40. Ra1 {[%emt 0:00:00]} Rxa1+ {[%emt 0:00:00]} 41. Bxa1 {[%emt 0:00:36]} Ra8 {[%emt 0:04:45]} 42. Bc3 {[%emt 0:06:08]} Bf8 {[%emt 0:08:30]} 43. Bd2 {[%emt 0:04:09]} Ra2 {[%emt 0:01:47]} 44. Qd1 {[%emt 0:02:35]} Bxd6 {[%emt 0:06:47]} 45. Bxh6 {[%emt 0:00:21]} Be7 {[%emt 0:02:29]} 46. Rb3 {[%emt 0:02:30]} Bf6 {[%emt 0:03:59]} 47. Qb1 {[%emt 0:07:35]} Ra4 {[%emt 0:01:54]} 48. Rb4 {[%emt 0:00:21]} Ra8 {[%emt 0:01:49]} 49. Bf4 {[%emt 0:00:57]} Qc8 {[%emt 0:02:35]} 50. Bd6 {[%emt 0:02:19]} Ra5 {[%emt 0:01:13]} 51. Qc2 {[%emt 0:06:14]} Qd7 {[%emt 0:03:35]} 52. Bf4 {[%emt 0:00:58]} Qc8 {[%emt 0:01:15]} 53. c6 {[%emt 0:00:49]} b6 {[%emt 0:00:07]} 54. Ra4 {[%emt 0:01:30]} Rxb5 {[%emt 0:00:15]} 55. c7 {[%emt 0:00:22]} Kg7 {[%emt 0:00:30]} 56. Qc6 {[%emt 0:00:35]} Ra5 {[%emt 0:00:07]} 57. Rxa5 {[%emt 0:00:22]} bxa5 {[%emt 0:00:05]} 58. Qb6 {[%emt 0:00:08]} Qd7 {[%emt 0:02:07]} 59. Qb8 {[%emt 0:00:31]} Qa4 {[%emt 0:00:25]} 60. c8=Q {[%emt 0:00:13]} 1-0

[Event "XIX Najdorf Memorial 2019"]
[Site "Warsaw"]
[Date "2019.07.12"]
[Round "7.31"]
[White "Jarocka, Liwia"]
[Black "Malovanyi, Yulian"]
[Result "1/2-1/2"]
[WhiteElo "2102"]
[BlackElo "2204"]
[Annotator "NA"]
[PlyCount "119"]
[EventDate "2019.07.06"]
[EventType "swiss"]
[EventCountry "POL"]
[SourceTitle "playchess.com"]
[Source "ChessBase"]
[SourceQuality "1"]
[TimeControl "40/5400+30:1800+30"]

1. e4 {[%emt 0:00:00]} c5 {[%emt 0:00:00]} 2. Nf3 {[%emt 0:00:00]} d6 {[%emt 0:00:15]} 3. d4 {[%emt 0:00:00]} cxd4 {[%emt 0:00:07]} 4. Nxd4 {[%emt 0:00:01]} Nf6 {[%emt 0:00:09]} 5. Nc3 {[%emt 0:00:05]} g6 {[%emt 0:00:09]} 6. Be3 {[%emt 0:00:18]} Bg7 {[%emt 0:00:10]} 7. f3 {[%emt 0:00:53]} a6 {[%emt 0:00:13]} 8. Bc4 {[%emt 0:00:31]} h5 {[%emt 0:02:29]} 9. Bb3 {[%emt 0:00:30]} Nbd7 {[%emt 0:00:38]} 10. Qd2 {[%emt 0:01:48]} Nc5 {[%emt 0:00:25]} 11. Nd5 Bd7 {[%emt 0:09:38]} 12. O-O-O {[%emt 0:17:03]} Rc8 {[%emt 0:08:18]} 13. Kb1 {[%emt 0:05:59]} b5 {[%emt 0:08:54]} 14. Bg5 {[%emt 0:10:25]} e6 {[%emt 0:04:08]} 15. Nxf6+ {[%emt 0:01:56]} Bxf6 {[%emt 0:00:03]} 16. Bxf6 {[%emt 0:00:13]} Qxf6 {[%emt 0:00:07]} 17. Rhe1 {[%emt 0:01:11]} O-O {[%emt 0:03:22]} 18. h3 {[%emt 0:22:13]} Rfd8 {[%emt 0:28:40]} 19. f4 {[%emt 0:09:16]} e5 {[%emt 0:08:51]} 20. Nf3 {[%emt 0:04:13]} exf4 {[%emt 0:04:18]} 21. Qxd6 {[%emt 0:07:08]} Qxd6 {[%emt 0:03:24]} 22. Rxd6 {[%emt 0:00:01]} Nxb3 {[%emt 0:00:45]} 23. axb3 {[%emt 0:00:30]} Bc6 {[%emt 0:00:55]} 24. Rf6 {[%emt 0:01:03]} Re8 {[%emt 0:01:13]} 25. Rxf4 {[%emt 0:00:15]} Rc7 {[%emt 0:01:12]} 26. Ng5 {[%emt 0:03:04]} Re5 {[%emt 0:01:28]} 27. Nf3 {[%emt 0:00:32]} Re8 {[%emt 0:00:26]} 28. g4 {[%emt 0:00:38]} hxg4 {[%emt 0:00:43]} 29. hxg4 {[%emt 0:00:01]} Kg7 {[%emt 0:02:52]} 30. Nd2 {[%emt 0:01:56]} Rce7 {[%emt 0:01:40]} 31. g5 {[%emt 0:06:01]} Re5 {[%emt 0:01:32]} 32. Rg4 {[%emt 0:01:09]} Bd7 {[%emt 0:02:17]} 33. Rg3 {[%emt 0:00:01]} Bc6 {[%emt 0:00:35]} 34. Kc1 {[%emt 0:00:06]} Ba8 {[%emt 0:02:34]} 35. b4 {[%emt 0:01:49]} Rh8 {[%emt 0:02:16]} 36. Rg4 {[%emt 0:00:28]} Rh3 {[%emt 0:01:29]} 37. c3 {[%emt 0:01:22]} Bd5 {[%emt 0:00:26]} 38. Rf4 {[%emt 0:00:41]} Bb7 {[%emt 0:01:06]} 39. Nf3 {[%emt 0:00:19]} Rxe4 {[%emt 0:00:51]} 40. Rexe4 {[%emt 0:00:00]} Bxe4 {[%emt 0:00:00]} 41. Nd4 {[%emt 0:05:32]} Bb7 {[%emt 0:09:46]} 42. Rg4 {[%emt 0:01:35]} Rh1+ {[%emt 0:00:53]} 43. Kc2 {[%emt 0:00:41]} Rh2+ {[%emt 0:02:19]} 44. Kc1 {[%emt 0:00:43]} Bd5 {[%emt 0:01:18]} 45. Rg1 {[%emt 0:02:37]} Rf2 {[%emt 0:01:42]} 46. Nc2 {[%emt 0:01:45]} Be4 {[%emt 0:03:50]} 47. Nd4 {[%emt 0:01:57]} f5 {[%emt 0:01:48]} 48. b3 {[%emt 0:01:27]} Ra2 {[%emt 0:01:43]} 49. Re1 {[%emt 0:00:18]} Kf7 {[%emt 0:02:07]} 50. c4 {[%emt 0:00:27]} bxc4 {[%emt 0:00:47]} 51. bxc4 {[%emt 0:00:01]} Ra4 {[%emt 0:03:09]} 52. Kd2 {[%emt 0:02:03]} a5 {[%emt 0:01:38]} 53. bxa5 {[%emt 0:03:33]} Rxc4 {[%emt 0:00:47]} 54. Ke3 {[%emt 0:00:35]} Ra4 {[%emt 0:01:27]} 55. Rc1 {[%emt 0:00:17]} Rxa5 {[%emt 0:01:43]} 56. Rc7+ {[%emt 0:00:05]} Ke8 {[%emt 0:01:21]} 57. Kf4 {[%emt 0:00:36]} Rd5 {[%emt 0:02:59]} 58. Ne6 {[%emt 0:00:41]} Ra5 {[%emt 0:00:25]} 59. Nc5 {[%emt 0:02:43]} Rb5 {[%emt 0:00:27]} 60. Ne6 {[%emt 0:01:43]} 1/2-1/2

[Event "XIX Najdorf Memorial 2019"]
[Site "Warsaw"]
[Date "2019.07.12"]
[Round "7.32"]
[White "Adamski, Jan"]
[Black "Rosicki, Marcin"]
[Result "1/2-1/2"]
[WhiteElo "2183"]
[BlackElo "2026"]
[Annotator "NA"]
[PlyCount "39"]
[EventDate "2019.07.06"]
[EventType "swiss"]
[EventCountry "POL"]
[SourceTitle "playchess.com"]
[Source "ChessBase"]
[SourceQuality "1"]
[TimeControl "40/5400+30:1800+30"]

1. Nf3 {[%emt 0:00:10]} Nf6 {[%emt 0:00:00]} 2. c4 {[%emt 0:00:39]} g6 {[%emt 0:00:00]} 3. Nc3 {[%emt 0:00:41]} Bg7 {[%emt 0:00:00]} 4. d4 {[%emt 0:01:30]} d6 {[%emt 0:00:40]} 5. e4 {[%emt 0:01:47]} O-O {[%emt 0:00:15]} 6. Be2 {[%emt 0:00:24]} e5 {[%emt 0:00:34]} 7. O-O {[%emt 0:00:42]} exd4 {[%emt 0:00:06]} 8. Nxd4 {[%emt 0:00:11]} Re8 {[%emt 0:00:06]} 9. f3 {[%emt 0:00:54]} c6 {[%emt 0:00:08]} 10. Kh1 {[%emt 0:05:10]} Nh5 11. f4 {[%emt 0:16:48]} Nf6 {[%emt 0:32:27]} 12. Bf3 {[%emt 0:01:19]} Bg4 {[%emt 0:19:24]} 13. Nc2 {[%emt 0:17:14]} Bxf3 {[%emt 0:02:24]} 14. Qxf3 {[%emt 0:00:50]} Qe7 {[%emt 0:00:12]} 15. Bd2 {[%emt 0:00:56]} Nbd7 {[%emt 0:02:08]} 16. Rae1 {[%emt 0:03:01]} Nc5 {[%emt 0:06:27]} 17. e5 {[%emt 0:11:05]} dxe5 {[%emt 0:00:13]} 18. Rxe5 {[%emt 0:01:17]} Qd6 {[%emt 0:01:27]} 19. Be3 {[%emt 0:10:10]} Ne6 {[%emt 0:16:37]} 20. Rd1 {[%emt 0:03:55]} 1/2-1/2

[Event "XIX Najdorf Memorial 2019"]
[Site "Warsaw"]
[Date "2019.07.13"]
[Round "8.1"]
[White "Dragun, Kamil"]
[Black "Tomczak, Jacek"]
[Result "1/2-1/2"]
[WhiteElo "2604"]
[BlackElo "2623"]
[Annotator "TA"]
[PlyCount "85"]
[EventDate "2019.07.06"]
[EventType "swiss"]
[EventCountry "POL"]
[SourceTitle "playchess.com"]
[Source "ChessBase"]
[SourceQuality "1"]

{[%evp 19,85,6,14,0,0,0,14,0,27,26,23,29,40,36,33,27,45,43,39,45,57,67,56,54,48,52,76,72,69,63,69,70,86,47,122,117,97,4,4,4,4,4,7,10,1,0,0,0,0,0,0,0,0,0,0,0,0,0,0,0,37,4,6,0,0,0,0,0]} 1. Nf3 c5 2. c4 Nf6 3. Nc3 d5 4. cxd5 Nxd5 5. e3 e6 6. d4 cxd4 7. exd4 Be7 8. Bd3 Nc6 9. O-O O-O 10. a3 Bf6 11. Qc2 {D42: Queen's Gambit Declined: Semi-Tarrasch: 5 cxd5 Nxd5 6 e3 Nc6 7 Bd3} Nxc3 (11... h6 12. Rd1 Qb6 13. Be3 Rd8 14. Rac1 Bd7 15. Nxd5 exd5 16. h3 Rac8 17. Qb1 Ne7 18. Ne5 Rxc1 19. Bh7+ Kf8 20. Rxc1 {½-½ (29) Aronian,L (2765)-Vidit,S (2702) Kolkata 2018}) 12. bxc3 g6 $1 13. Bh6 Re8 14. Rad1 Qc7 {[#]} 15. h4 $146 ({Predecessor:} 15. Ng5 Bd7 16. Ne4 Be7 17. Qb2 Qb6 18. Qd2 Qc7 19. Bg5 Kg7 20. Bf4 Qa5 {½-½ (29) Nikolaidis,I (2525)-Galopoulos,N (2116) Igoumenitsa 2007}) 15... Ne7 16. Qc1 Bd7 17. Bf4 $36 {[%mdl 2048] White has good play.} Qd8 18. Be5 Bg7 19. h5 Bc6 20. Bxg7 Kxg7 21. h6+ Kg8 22. Ne5 f6 23. Nxc6 bxc6 24. c4 Qd6 25. Rfe1 Kf7 26. Qc3 c5 ({Better is} 26... Rad8 $14) 27. d5 $16 e5 28. f4 (28. Bc2 $16) 28... Ng8 $1 $11 29. fxe5 Rxe5 30. Rxe5 Qxe5 31. Qxe5 fxe5 {[%mdl 4096] Endgame KRB-KRN} 32. Rb1 {[#] And now Rb7+ would win.} Nxh6 33. Rb5 Rc8 34. Rb7+ Kf6 $1 35. a4 a5 36. Rb5 e4 37. Bxe4 Ke5 38. Bf3 Nf5 39. Rxa5 Rc7 40. Ra6 {Threatens to win with Re6+.} Kd4 $1 {The position is equal.} 41. a5 {aiming for Rf6.} Kxc4 42. d6 Rd7 43. Rb6 {Accuracy: White = 71%, Black = 63%.} 1/2-1/2

[Event "XIX Najdorf Memorial 2019"]
[Site "Warsaw"]
[Date "2019.07.13"]
[Round "8.1"]
[White "Baum, Jonasz"]
[Black "Romanishin, Oleg M"]
[Result "1/2-1/2"]
[WhiteElo "2308"]
[BlackElo "2443"]
[Annotator "NA"]
[PlyCount "99"]
[EventDate "2019.07.06"]
[EventType "swiss"]
[EventCountry "POL"]
[SourceTitle "playchess.com"]
[Source "ChessBase"]
[SourceQuality "1"]
[TimeControl "40/5400+30:1800+30"]

1. d4 {[%emt 0:00:00]} Nf6 {[%emt 0:00:00]} 2. c4 {[%emt 0:00:00]} e6 {[%emt 0:00:00]} 3. g3 {[%emt 0:00:00]} Bb4+ {[%emt 0:00:05]} 4. Bd2 {[%emt 0:00:00]} c5 {[%emt 0:00:11]} 5. Bxb4 {[%emt 0:00:11]} cxb4 {[%emt 0:00:06]} 6. Bg2 {[%emt 0:00:15]} Qc7 {[%emt 0:00:13]} 7. Nd2 {[%emt 0:00:52]} O-O {[%emt 0:00:23]} 8. Ngf3 {[%emt 0:00:09]} b6 {[%emt 0:02:32]} 9. O-O {[%emt 0:01:19]} Bb7 {[%emt 0:00:06]} 10. Rc1 {[%emt 0:00:27]} d6 {[%emt 0:00:14]} 11. Re1 {[%emt 0:03:32]} Nbd7 {[%emt 0:03:40]} 12. e4 {[%emt 0:01:30]} e5 {[%emt 0:00:30]} 13. Qc2 {[%emt 0:04:26]} Rfe8 {[%emt 0:08:33]} 14. d5 {[%emt 0:04:36]} Nc5 {[%emt 0:02:21]} 15. Nb3 {[%emt 0:00:50]} Bc8 {[%emt 0:02:12]} 16. Nxc5 {[%emt 0:01:33]} Qxc5 {[%emt 0:00:29]} 17. Qd2 {[%emt 0:04:54]} Bd7 {[%emt 0:01:47]} 18. b3 {[%emt 0:02:06]} a5 {[%emt 0:02:00]} 19. Qe3 {[%emt 0:02:28]} a4 {[%emt 0:05:24]} 20. Qxc5 {[%emt 0:08:17]} bxc5 {[%emt 0:04:51]} 21. Rc2 {[%emt 0:01:15]} axb3 {[%emt 0:01:32]} 22. axb3 {[%emt 0:00:02]} Ra3 {[%emt 0:00:10]} 23. Nd2 {[%emt 0:00:33]} Rea8 {[%emt 0:07:55]} 24. f3 {[%emt 0:04:25]} g5 {[%emt 0:02:05]} 25. Kf2 {[%emt 0:00:37]} Nh5 {[%emt 0:03:52]} 26. Bf1 {[%emt 0:02:01]} f5 {[%emt 0:02:39]} 27. Rb2 {[%emt 0:01:43]} Nf6 {[%emt 0:04:00]} 28. Bd3 {[%emt 0:02:14]} f4 {[%emt 0:00:20]} 29. g4 {[%emt 0:00:23]} Kf7 {[%emt 0:05:42]} 30. h3 {[%emt 0:00:30]} h5 {[%emt 0:00:42]} 31. Be2 {[%emt 0:02:28]} Rh8 {[%emt 0:00:59]} 32. Kg2 {[%emt 0:00:27]} Ke7 {[%emt 0:05:04]} 33. Rd1 {[%emt 0:01:33]} Rh7 {[%emt 0:00:30]} 34. Rbb1 {[%emt 0:02:09]} Rh8 {[%emt 0:02:04]} 35. Rb2 {[%emt 0:00:59]} Raa8 {[%emt 0:00:25]} 36. Rbb1 {[%emt 0:01:27]} Ra2 {[%emt 0:00:17]} 37. Ra1 {[%emt 0:00:31]} Rha8 {[%emt 0:00:19]} 38. Rxa2 {[%emt 0:00:06]} Rxa2 {[%emt 0:00:08]} 39. Kf1 {[%emt 0:03:29]} Be8 {[%emt 0:05:04]} 40. Bd3 {[%emt 0:00:00]} Nd7 {[%emt 0:00:00]} 41. Bb1 {[%emt 0:03:44]} Ra3 {[%emt 0:05:10]} 42. Bd3 {[%emt 0:00:33]} Nf8 {[%emt 0:01:10]} 43. Rb1 {[%emt 0:03:14]} Ra2 {[%emt 0:00:53]} 44. Rd1 {[%emt 0:00:12]} Kf6 {[%emt 0:00:43]} 45. Bb1 {[%emt 0:01:14]} Ra7 {[%emt 0:03:14]} 46. Bd3 {[%emt 0:00:28]} Ng6 {[%emt 0:00:28]} 47. Be2 {[%emt 0:03:30]} Nh4 {[%emt 0:02:14]} 48. Kf2 {[%emt 0:03:07]} Ra2 {[%emt 0:00:10]} 49. Bd3 {[%emt 0:01:16]} Bd7 {[%emt 0:01:53]} 50. Be2 {[%emt 0:00:40]} 1/2-1/2

[Event "XIX Najdorf Memorial 2019"]
[Site "Warsaw"]
[Date "2019.07.13"]
[Round "8.2"]
[White "Salem, A.R. Saleh"]
[Black "Shevchenko, Kirill"]
[Result "0-1"]
[WhiteElo "2672"]
[BlackElo "2536"]
[Annotator "TA"]
[PlyCount "78"]
[EventDate "2019.07.06"]
[EventType "swiss"]
[EventCountry "POL"]
[SourceTitle "playchess.com"]
[Source "ChessBase"]
[SourceQuality "1"]

{[%evp 23,78,-6,0,0,22,0,23,19,20,14,31,0,0,0,0,0,16,0,-10,-29,-28,-23,0,-26,5,14,14,0,0,0,0,0,0,0,0,-33,-43,-74,37,-141,-120,-268,-197,-222,-216,-157,-158,-559,-557,-556,-521,-482,-454,-29984,-29985,-29965,-3373]} 1. d4 Nf6 2. c4 e6 3. Nf3 b6 4. a3 Bb7 5. Nc3 d5 6. cxd5 Nxd5 7. e3 Be7 8. Bb5+ c6 9. Bd3 O-O 10. Qc2 h6 11. e4 Nxc3 12. bxc3 c5 13. O-O {E12: Queen's Indian: Unusual White 4th moves, 4 a3, 4 Nc3 Bb7 5 a3 and 4 Nc3 Bb7} Qc8 14. Qe2 Ba6 15. Rd1 {White has an edge.} Bxd3 16. Rxd3 Nd7 {[%cal Bb8d7,Bd7f8,Bf8g6,Bg6e7,Be7d5][%mdl 32]} 17. Bf4 Rd8 18. Rad1 cxd4 19. cxd4 Qb7 {[#]} 20. e5 $146 ({Predecessor:} 20. h3 Rac8 21. d5 {1-0 (46) Mchedlishvili,M (2655)-Paichadze,L (2544) Tbilisi 2014}) 20... Nf8 21. Nd2 Ng6 22. Bg3 Qa6 {Hoping for ...Rxd4!} 23. Qe4 b5 24. h4 Qa4 (24... Bxa3 $6 25. h5 $16) 25. Nf1 Bf8 26. h5 Ne7 27. Bh4 Rac8 28. Ne3 Rd7 29. Kh2 Nd5 30. Ng4 Rc3 {[#]} (30... Bxa3 31. Nxh6+ $1 {[%mdl 512]} Kh8 32. Qf3 $16) (30... Kh8 $1 $17 31. Qf3 a6) 31. R1d2 $2 (31. Nxh6+ $1 $14 {[%mdl 512]} gxh6 32. Qg4+ Kh7 33. Rxc3 Nxc3 34. Rd3) 31... Rdc7 $1 $17 32. f4 (32. Rxc3 $17 Rxc3 33. Ne3) 32... Rxd3 ({Not} 32... Rxa3 33. f5 $15) 33. Rxd3 {With the idea f5.} Qc2 ({And not} 33... Bxa3 34. Nxh6+ $1 {[%mdl 512]} Kh8 35. f5 $16) 34. f5 {[#]} Rc3 $1 35. fxe6 $2 (35. Nf2 $17) 35... Qxd3 $19 ({Weaker is} 35... fxe6 36. Qg6 $11) 36. exf7+ {[#]} Kh8 $1 37. Qxd5 {Threatening mate with Qa8!} Qf5 {[%mdl 64] Double Attack} 38. e6 (38. Be1 $19 Rxa3 39. Qa8 Qxf7 40. Nf2) 38... Qxd5 39. Ne5 {[#]} Qxe6 {Accuracy: White = 36%, Black = 66%.} (39... Bd6 $142 $1 40. f8=Q+ Bxf8 41. Bg3 Bxa3 42. Nf3 Qxh5+ 43. Kg1 Rc1+ 44. Ne1 Qe2 45. Kh2 Rxe1 {[%mdl 64] Overworked Piece} 46. Bxe1 Bd6+ 47. Kh3 Qh5+ 48. Bh4 Qf5+ {[%mdl 64] Double Attack} 49. g4 Qf1#) 0-1

[Event "XIX Najdorf Memorial 2019"]
[Site "Warsaw"]
[Date "2019.07.13"]
[Round "8.2"]
[White "Paszewski, Mateusz"]
[Black "Efimenko, Zahar"]
[Result "1/2-1/2"]
[WhiteElo "2324"]
[BlackElo "2631"]
[Annotator "RC"]
[PlyCount "192"]
[EventDate "2019.07.06"]
[EventType "swiss"]
[EventCountry "POL"]
[SourceTitle "playchess.com"]
[Source "ChessBase"]
[SourceQuality "1"]
[TimeControl "40/5400+30:1800+30"]

1. d4 Nf6 2. c4 g6 3. Nc3 Bg7 4. e4 O-O 5. h3 d6 6. Be3 Na6 7. g4 c5 8. Nge2 cxd4 9. Nxd4 Nc5 10. Bg2 Bd7 11. O-O a6 12. f4 Rc8 13. Rc1 e5 14. Nb3 exf4 15. Bxf4 Nxb3 16. Qxb3 Be6 17. Nd5 Bxd5 18. exd5 Re8 19. Rfe1 Qd7 20. Qb4 Rxe1+ 21. Rxe1 Ne8 22. b3 b5 23. Rc1 Bb2 24. Rc2 Bd4+ 25. Kh1 Qa7 26. Qe1 Qb6 27. Re2 Nf6 28. cxb5 Qxb5 29. Bxd6 Nxd5 30. a4 Qd7 31. Bxd5 Qxd6 32. Re8+ Kg7 33. Rxc8 Qxd5+ 34. Kh2 Be5+ 35. Kg1 Bd4+ 36. Kh2 Qxb3 37. Re8 Qxa4 38. Re4 Qa2+ 39. Qe2 Qd5 40. Qf3 a5 41. Kg2 a4 42. Qd3 Qa2+ 43. Re2 Qa1 44. Rd2 Qg1+ 45. Kf3 Be5 46. Ke4 Bf6 47. Kd5 Qb6 48. Kc4 Qc6+ 49. Kb4 Be7+ 50. Ka5 a3 51. Ra2 Qc5+ 52. Ka6 Qc6+ 53. Ka5 Qa8+ 54. Kb5 Qb7+ 55. Ka5 Qb4+ 56. Ka6 Bc5 57. Qb5 Qd4 58. Rc2 Qf6+ 59. Ka5 Bd4 60. Ka4 Bb2 61. Kb3 Qf3+ 62. Ka2 Qf6 63. g5 Qe6+ 64. Qb3 Qxb3+ 65. Kxb3 h6 66. h4 hxg5 67. hxg5 Kf8 68. Rc7 Ke8 69. Ra7 Bc1 70. Kc2 Bxg5 71. Rxa3 Ke7 72. Kd3 Bf4 73. Ke4 Bd6 74. Ra7+ Ke6 75. Ra8 f5+ 76. Kf3 g5 77. Ra4 Be5 78. Ra6+ Kf7 79. Ra4 Bd6 80. Rd4 Bh2 81. Ra4 Be5 82. Rc4 Bb8 83. Rb4 Bh2 84. Ra4 Kg6 85. Kg2 Bb8 86. Rb4 Ba7 87. Ra4 Be3 88. Kf3 Bc1 89. Rc4 Bd2 90. Rd4 Be1 91. Ke2 Bc3 92. Rc4 Bf6 93. Kf3 Be7 94. Ra4 Kh5 95. Ra5 f4 96. Ra2 Bf6 1/2-1/2